000 004110000a22001690004500
003 MACL
005 20160106115853.0
008 160106b xxu||||| |||| 00| 0 eng d
040 _aMACL
_cMACL
041 _aEnglish
082 _a823/COR
100 _aCorelli, Marie
_927839
245 _aThe Mighty Atom
260 _bMethuen & Co. Ltd
_c1954
_aLondon
650 _aFiction
_928468
942 _cBK
_k823/COR
_2ddc
999 _c34858
_d34858